logo

Bir Sreshtho Munshi Abdur Rouf Library
Jhenaidah Cadet College

Contemporary Painters : (Record no. 9362)

MARC details
000 -LEADER
fixed length control field 00626nam a2200229 a 4500
001 - CONTROL NUMBER
JCCL Control Number 9362
003 - CONTROL NUMBER IDENTIFIER
JCCL marc code BD-JhCC
005 - DATE AND TIME OF LATEST TRANSACTION
control field 20180313111811.0
008 - FIXED-LENGTH DATA ELEMENTS--GENERAL INFORMATION
fixed length control field 180313s1974 b a|||| || | 001 0 eng d
035 ## - SYSTEM CONTROL NUMBER
system control number (BD-JhCC)9362
040 ## - CATALOGING SOURCE
Original cataloging agency BD-JhCC
Modifying agency BD-JhCC
041 ## - LANGUAGE CODE
Language code of Book eng
082 ## - DEWEY DECIMAL CLASSIFICATION NUMBER
Classification number 759.95492
Author mark and Year JAH 1974
100 ## - MAIN ENTRY--PERSONAL NAME
Personal name Jahangir, Burhanuddin Khan
245 ## - TITLE STATEMENT
Title Contemporary Painters :
Remainder of title Bangladesh /
Statement of responsibility, etc Burhanuddin Khan Jahangir,
260 ## - PUBLICATION, DISTRIBUTION, ETC. (IMPRINT)
Place of publication, distribution, etc Dacca :
Name of publisher, distributor, etc Bangla Academy,
Date of publication, distribution, etc 1974.
300 ## - PHYSICAL DESCRIPTION
Pagination Verious Pages
Other physical details ill. ;
Dimensions 20 cm.
504 ## - BIBLIOGRAPHY, ETC. NOTE
Bibliography, etc Includes Index
650 ## - SUBJECT ADDED ENTRY--TOPICAL TERM
Topical term or geographic name as entry element Painters
Geographic subdivision Bangladesh
942 ## - ADDED ENTRY ELEMENTS (KOHA)
Source of classification or shelving scheme Dewey Decimal Classification
Koha item type Books
Holdings
Source of classification or shelving scheme Damaged status Not for loan Home library Current library Shelving location Cost, normal purchase price Total Checkouts Full call number Barcode Date last seen Copy number Koha item type
Dewey Decimal Classification     JCC Rouf Library JCC Rouf Library General Stacks 20.00   759.95492 JAH 1974 12088 03/13/2018 C - 1 Books

JCC Library | Contacts | JCC Home

Last Update on 23 September 2017
Copyright @ 2017-2020 JCC Rouf Library
Rouf Library, Jhenidah Cadet College (JCC), Bangladesh